Stavebné pozemky podľa nových pravidiel?

Daňové zaťaženie stavebného pozemku. Stavebné pozemky podľa zákona o dani z nehnuteľností. Rozhodnutie o umiestnení stavby. Určenie celkovej výmery stavebného pozemku. Zmenšenie výmery stavebného pozemku. Kedy nie je pozemok stavebným - uvedenie niekoľkých prípadov.

Gespeichert in:
Bibliographische Detailangaben
1. Verfasser: Harušťáková, Iveta
Format: Buchkapitel
Sprache:Slowakisch
Schlagworte:
Tags: Tag hinzufügen
Keine Tags, Fügen Sie das erste Tag hinzu!

MARC

LEADER 00000naa a2200000 4500
001 r044577
005 20231003085331.2
041 0 |a slo 
044 |a SK 
245 1 0 |a Stavebné pozemky podľa nových pravidiel?  |c Iveta Harušťáková 
520 |a Daňové zaťaženie stavebného pozemku. Stavebné pozemky podľa zákona o dani z nehnuteľností. Rozhodnutie o umiestnení stavby. Určenie celkovej výmery stavebného pozemku. Zmenšenie výmery stavebného pozemku. Kedy nie je pozemok stavebným - uvedenie niekoľkých prípadov. 
610 2 0 |a pozemky 
610 2 0 |a stavby 
610 2 0 |a dane z nehnuteľností 
610 2 0 |a kataster nehnuteľností 
610 2 0 |a zaťaženie daňové 
100 1 |a Harušťáková, Iveta